Burnley 2020/21 Squad - Statistics

General Stats
  • This quiz has been taken 16 times
  • The average score is 18 of 22
Answer Stats
Number Position Nation Player % Correct
10 FW England Ashley Barnes
100%
3 DF England Charlie Taylor
100%
1 GK England Nick Pope
100%
18 MF England Ashley Westwood
88%
6 DF England Ben Mee
88%
9 FW New Zealand Chris Wood
88%
11 MF England Dwight McNeil
88%
4 MF England Jack Cork
88%
5 DF England James Tarkowski
88%
7 FW Iceland Johann Gudmundsson
88%
27 FW Czech Republic Matej Vydra
88%
2 DF England Matthew Lowton
88%
26 DF Scotland Phil Bardsley
88%
15 GK Northern Ireland Bailey Peacock-Farrell
75%
23 DF Netherlands Erik Pieters
75%
34 DF Ireland Jimmy Dunne
75%
8 MF England Josh Brownhill
75%
28 DF Ireland Kevin Long
75%
12 MF Ireland Robbie Brady
75%
16 MF England Dale Stephens
63%
19 FW England Jay Rodriguez
63%
25 GK England Will Norris
63%
No matching quizzes found
Score Distribution
Percent of People with Each Score
Percentile by Number Answered
Your Score History
You have not taken this quiz